000 01199nam a2200205 a 4500
005 20260322212017.0
008 data
090 _aDVD 1013
245 0 4 _aThe Hunger Games :
_bPart I Mockingjay.
_cedited by Jennifer Lawrence, Josh Hucherson & Liam Hemsworth.
260 _aSanta Monica, CA :
_bLionsgate,
_c2014.
300 _aDVD video 1 videodisc (approximately 123 min.) : sound, color ;
_b4 3/4 in.
500 _aBased on the novel "Mockingjay" by Suzanne Collins./
520 _aKatniss Everdeen, girl on fire, has survived. She awakens from the cruel and haunting Quarter Quell deep inside the bunkered catacombs of District 13. Separated from some of her closest allies and fearing for their safety in the Capitol, Katness finally agrees to be the Mockingjay, the symbolic leader of the rebellion. Still uncertain as to whom she can trust, Katniss must help 13 rise from the shadows, all the while knowing that President Snow has focused his hatred into a personal vendetta against her - and her loved ones.
650 0 _aScience fiction films
650 0 _aAction and adventure films
700 1 _aLawrence, Jennifer
700 1 _aHucherson, Josh
700 1 _aHemsworth, Liam
001 data
999 _c368
_d368